Daňová optimalizácia pri vklade nehnuteľnosti do majetku obchodnej spoločnosti

Zdanenie daňou z príjmov fyzických osôb pri predaji nehnuteľnosti. Daňová optimalizácia pri vklade nehnuteľnosti fyzickej osoby do obchodnej spoločnosti. Daňová optimalizácia v prípade, ak vkladateľom nehnuteľnosti je právnická osoba.

Enregistré dans:
Détails bibliographiques
Auteur principal: Fehér, Július
Format: Chapitre de livre
Langue:slovaque
Sujets:
Tags: Ajouter un tag
Pas de tags, Soyez le premier à ajouter un tag!

MARC

LEADER 00000naa a2200000 4500
001 r033705
005 20230926073110.7
041 0 |a slo 
044 |a SK 
245 1 0 |a Daňová optimalizácia pri vklade nehnuteľnosti do majetku obchodnej spoločnosti  |c Július Fehér 
520 |a Zdanenie daňou z príjmov fyzických osôb pri predaji nehnuteľnosti. Daňová optimalizácia pri vklade nehnuteľnosti fyzickej osoby do obchodnej spoločnosti. Daňová optimalizácia v prípade, ak vkladateľom nehnuteľnosti je právnická osoba. 
610 2 0 |a optimalizácia daňová 
610 2 0 |a vklady 
610 2 0 |a nehnuteľnosti 
610 2 0 |a spoločnosti obchodné 
610 2 0 |a zdaňovanie 
610 2 0 |a dane z príjmov 
610 2 0 |a osoby fyzické 
610 2 0 |a osoby právnické 
100 1 |a Fehér, Július